000 00418nam a2200181Ia 4500
001 12737
005 20260306163003.0
008 260306t2004||||xx |||||||||||||| ||spa||
041 _aESP
082 _aRD 103
_bF43
100 _aFerrater Mora, J.
_eAUT
245 0 _aDiccionario de filosofía:
_bA-D
260 _c2004
300 _apágs. :
_ccm.
650 _aGEN
654 _aCHU
942 _cDIC
_dJUS
_fJUS
_2ddc
_n
999 _c12737
_d12737